| 000 | 00586nam a2200217Ia 4500 | ||
|---|---|---|---|
| 003 | IN-BaIIA | ||
| 008 | 211028s9999 xx 000 0 eng d | ||
| 020 | _a0-03-031944-7 | ||
| 040 | _cIIA Library | ||
| 080 |
_a53 _bJEW |
||
| 100 |
_aJewett, John W _926934 |
||
| 245 | 4 |
_aThe world of physics _bmysteries magic and myth _cJohn W. Jewett |
|
| 260 |
_aAustralia _bBrooks-Cole _c2001 |
||
| 300 | _axii, 397p. | ||
| 650 |
_aCircular motion _926935 |
||
| 650 | _aElectrical circuits | ||
| 650 |
_aEnergy _91942 |
||
| 650 |
_aPhysics _973 |
||
| 650 |
_aPolarization _95652 |
||
| 942 | _cBK | ||
| 999 |
_c14912 _d14912 |
||